1191 1293 1183 1919 1320 1447 1823 1353 1797 1909 1018 1084 1262 1642 1040 1215 1462 1737 1876 1496 1042 1614 1710 1424 1084 1567 1031 1816 1472 1167 1428 1746 1891 1535 1138 1964 1975 1046 1543 1191 1805 1730 1410 1130 1003 1395 1680 1321 1623 1338 1887 1942 1878 1547 1460 1048 1496 1101 1324 1788 1529 1759 1322 1780 1937 1706 1419 1685 1637 1719 1970 1361 1546 1372 1694 1197 1341 1431 1036 1610 1329 1796 1964 1046 1713 1697 1532 1148 1520 1948 1680 1435 1101 1686 1077 1110 1610 1154 1388 BCNSPRNW ULIB Ver.6.0+V

เปลี่ยนเป็นภาษาไทย

Change to English
 แสดงรายละเอียดบรรณานุกรม
  กลับหน้าหลัก

Brief Record : Get Marc (ISO 2709) : E-mail record : QR code < ปิดหน้าต่าง
LEADER : 00000nam 2200000uu 4500
001    13399113448
003     ULIB
008    110616s2551||||th 000 0 tha d
020    9740665427
090    นว.^bK111ค 2551
100 1  Kang Joo Hyun
245 10 เคล็ดลับพัฒนาตนเองจากเกาหลี : ไม่ยากถ้าอยากฉลาดพูด /^cKang Joo Hyun
250    พิมพ์ครั้งที่ 1
260    กรุงเทพฯ :^bนานมีบุ๊คส์,^c2551
300    98 หน้า
710 2  นานมีบุ๊คส์
945    ^p155^l0^i024658
995    ทศพร
999 ^a ใช้งานได้ทุกระบบ
รายการนี้ยังไม่มีแท็ก
คุณยังไม่ได้ล็อกอิน คุณสามารถมีกิจกรรมร่วมกับเว็บไซต์ได้ แต่ต้องล็อกอินก่อน ::
  ล็อกอิน

รายการสื่อสารสนเทศ

ลำดับที่ ประเภท เลขเรียก/บาร์โค้ด สถานที่ สถานะ
1. นวนิยาย
นวนิยาย
นว. K111ค 2551 ฉ.1 
  Barcode: 024658
ห้องสมุดวิทยาเขตสวรรค์ประชารักษ์
►นวนิยาย
บนชั้น
  ขอยืม

BibComment


ยังไม่เคยถูกคอมเมนท์

คอมเมนท์ทรัพยากรรายการนี้
  คอมเมนท์: เคล็ดลับพัฒนาตนเอ..


 Copyright 2026. Bcnsprnw @Library